GNVR: Core Skills Communication Intermediate/ Advancaed (Record no. 1085270)

MARC details
000 -LEADER
fixed length control field 00364nam a2200133Ia 4500
008 - FIXED-LENGTH DATA ELEMENTS--GENERAL INFORMATION
fixed length control field 231228s1995 xx 000 0 und d
041 ## - LANGUAGE CODE
Language code of text/sound track or separate title eng
082 ## - DEWEY DECIMAL CLASSIFICATION NUMBER
Classification number 302.2
Item number MEL
100 ## - MAIN ENTRY--PERSONAL NAME
Personal name MELROSE (William)
245 ## - TITLE STATEMENT
Title GNVR: Core Skills Communication Intermediate/ Advancaed
250 ## - EDITION STATEMENT
Edition statement 2nd
260 ## - PUBLICATION, DISTRIBUTION, ETC.
Place of publication, distribution, etc. London
Name of publisher, distributor, etc. Pitman Publication London
Date of publication, distribution, etc. 1995
300 ## - PHYSICAL DESCRIPTION
Extent XI,162

No items available.